Export afgerond — 

Minitab : Student Handbook /

Bewaard in:
Bibliografische gegevens
Hoofdauteur: Ryan, Thomas A.
Andere auteurs: Joiner, Brian L., Ryan, Barbara F.
Formaat: Sách giấy
Taal:English
Gepubliceerd in: North Scituate, Massachusetts : Duxbury Press, 1976
Tags: Voeg label toe
Geen labels, Wees de eerste die dit record labelt!
Thư viện lưu trữ: Thư viện Trường Đại học Đà Lạt
LEADER 00651nam a2200253 4500
001 DLU020000613
005 ##12/24/1998
041 # # |a eng 
082 # # |a 519.5  |b RY-T 
100 # # |a Ryan, Thomas A. 
245 # # |a Minitab :  |b Student Handbook /  |c Thomas A. Ryan , Brian L. Joiner, Barbara F Ryan. 
260 # # |a North Scituate, Massachusetts :  |b Duxbury Press,  |c 1976 
300 # # |a IX, 341 tr.;  |c 23 cm. 
700 # # |a Joiner, Brian L. 
700 # # |a Ryan, Barbara F. 
992 # # |a 8000 
994 # # |a DLU 
900 # # |a False 
911 # # |a Administrator 
925 # # |a G 
926 # # |a A 
927 # # |a SH 
980 # # |a Thư viện Trường Đại học Đà Lạt